Concepts of genetics / (Record no. 152426)

MARC details
000 -LEADER
fixed length control field 00903nam a22002537a 4500
005 - DATE AND TIME OF LATEST TRANSACTION
control field 20180531132509.0
020 ## - INTERNATIONAL STANDARD BOOK NUMBER
International Standard Book Number 9789332577466
Terms of availability 799.00
035 ## - SYSTEM CONTROL NUMBER
System control number EN-105350
035 ## - SYSTEM CONTROL NUMBER
System control number B-683968-973
035 ## - SYSTEM CONTROL NUMBER
System control number B-694025
037 ## - SOURCE OF ACQUISITION
Source of stock number/acquisition RK Books
Stock number dpl
082 ## - DEWEY DECIMAL CLASSIFICATION NUMBER
Classification number 576.5
245 ## - TITLE STATEMENT
Title Concepts of genetics /
Statement of responsibility, etc by William S. Klug...[et al]
250 ## - EDITION STATEMENT
Edition statement 10th ed
260 ## - PUBLICATION, DISTRIBUTION, ETC. (IMPRINT)
Date of publication, distribution, etc 2018
Place of publication, distribution, etc Noida
Name of publisher, distributor, etc Pearson India
270 ## - ADDRESS
Address 15th Floor,, Tower-B, World Trade, Plot No.1, Block-C, Sector-16,
City Noida
Postal code 201301
300 ## - PHYSICAL DESCRIPTION
Dimensions 25cm(pbk)
Extent 885p. :
Other physical details ill.
500 ## - GENERAL NOTE
General note Includes index
700 ## - ADDED ENTRY--PERSONAL NAME
Personal name Cummings, Michael R.
700 ## - ADDED ENTRY--PERSONAL NAME
Personal name Spencer, Chalotte A.
700 ## - ADDED ENTRY--PERSONAL NAME
Personal name Palladino, Michael A.
942 ## - ADDED ENTRY ELEMENTS (KOHA)
Item type English Books
Source of classification or shelving scheme Dewey Decimal Classification
Call number suffix CON
Classification part 576.5
Holdings
Withdrawn status Lost status Not for loan Collection code Home library Current library Date acquired Source of acquisition Cost, normal purchase price Full call number Barcode Copy number Cost, replacement price Koha item type
      Non-fiction Sarojini Nagar Sarojini Nagar 30/05/2018 R.K.Books/398/23.05.2018/456/18.05.2018/29.05.2018 799.00 576.5 CON B-694025 1 799.00 English Books

© Delhi Public Library
Hit Counter
free hit counter